banner-ar

الطبقة والنحو مع دراسة لمنهجية طبقات النحاة من الزبيدى الاندلسى الى السيوطى المصرى (Record no. 28787)

MARC details
000 -الفاتح
حقل البيانات ثابتة الطول 00461nam a2200133Ia 4500
008 - عناصر البيانات ثابتة الطول - معلومات عامة
حقل البيانات ثابتة الطول 140319s9999 xx 000 0 ara d
040 ## - مصدر الفهرسة
وكالة الفهرسة الأصلية GCL /
وكالة النسخ GCL
082 04 - رقم تصنيف ديوى العشرى
رقم التصنيف 415.3
رقم المادة ط ط
245 10 - بيان العنوان
العنوان الطبقة والنحو مع دراسة لمنهجية طبقات النحاة من الزبيدى الاندلسى الى السيوطى المصرى
260 ## - PUBLICATION, DISTRIBUTION, ETC. (IMPRINT)
تاريخ النشر أو التوزيع 1992
300 ## - الوصف المادى
التعداد 175 ص
490 ## - بيان السلسلة
عنوان السلسلة
260 ## - PUBLICATION, DISTRIBUTION, ETC. (IMPRINT)
-- [S.N] :
-- دار الفكر اللبنانى ،
Holdings
حالة التراجع حالة الفقد حالة تلف ليس للاعارة المكان المؤقت الموقع الحالى تاريخ الاكتساب اجمالي اﻻعارات رقم الطلب الباركود تاريخ اخر مشاهدة تاريخ تفعيل السعر نوع وعاء كوها
        مكتبة القاهرة الكبرى مكتبة القاهرة الكبرى 03/26/2014   415.3\ط ط 65668 03/26/2014 03/26/2014 كتاب

Powered By

EGPV